MCQs 3-in-1 Basic Health Nursing (Record no. 248881)

MARC details
000 -LEADER
fixed length control field 00400pam a2200145a 44500
008 - FIXED-LENGTH DATA ELEMENTS--GENERAL INFORMATION
fixed length control field 230405s2006 xxu||||| |||| 00| 0 eng d
020 ## - INTERNATIONAL STANDARD BOOK NUMBER
International Standard Book Number 8180616177
Terms of availability Rs. 75
082 ## - DEWEY DECIMAL CLASSIFICATION NUMBER
Classification number 616.0076
Item number VAI
100 ## - MAIN ENTRY--PERSONAL NAME
Personal name Vaidyanathan, Rajeshwari
245 ## - TITLE STATEMENT
Title MCQs 3-in-1 Basic Health Nursing
260 ## - PUBLICATION, DISTRIBUTION, ETC.
Place of publication, distribution, etc. New Delhi
Name of publisher, distributor, etc. Jaypee Brothers Medical Publishers
Date of publication, distribution, etc. 2006
300 ## - PHYSICAL DESCRIPTION
Extent 115 p
502 ## - DISSERTATION NOTE
Dissertation note text
906 ## - LOCAL DATA ELEMENT F, LDF (RLIN)
a 000155

No items available.